| 000 | 00436nam a2200145Ia 4500 | ||
|---|---|---|---|
| 008 | 211109s9999||||xx |||||||||||||| ||und|| | ||
| 082 |
_a541 _bHEN-M |
||
| 100 | _aHenry, Mrs Etc, | ||
| 245 | 0 | _aMemorial Lectures [1901 - 1913] of the Chemical Society | |
| 260 |
_bGURNEY AND JACKSON _aLONDON _c1900 |
||
| 300 | _a297p. | ||
| 630 | _xGeneral Stack | ||
| 650 |
_anatural Sciences _vChemistryLectures on Chemistry _xChemistry |
||
| 942 | _cBOOK | ||
| 999 |
_c1705 _d1705 |
||